[Event "WCh 2016"]
[Site "New York USA"]
[Date "2016.11.20"]
[Round "7"]
[White "Karjakin, Sergey"]
[Black "Carlsen, Magnus"]
[Result "1/2-1/2"]
[WhiteElo "2772"]
[BlackElo "2853"]
[Annotator "Kornev,Alexei"]
[PlyCount "66"]
[EventDate "2016.11.11"]

1. d4 d5 2. c4 c6 (2... dxc4 3. e3 e6 4. Bxc4 Nf6 5. Nf3 c5 6. O-O a6 7. dxc5 (
7. Bb3 b5 8. a4 b4)) 3. Nc3 Nf6 4. e3 (4. Nf3 dxc4) 4... a6 (4... e6 5. Nf3 a6)
5. Bd3 (5. Qc2) (5. Nf3 $5 Bf5 (5... e6) (5... b5 6. b3) 6. Ne5 $5 Nbd7 7. Qb3
Qc7 8. cxd5 Nxe5 9. dxe5 Nxd5 10. Nxd5 cxd5 11. Bd2 Qxe5 $5 {Andreikin,
Tomaschevsky} (11... e6 12. Rc1 Qd7 13. Be2 Be7 14. Ba5 Rc8 15. Rxc8+ Qxc8 16.
Kd2 O-O 17. Rc1 Qa8 18. Bc7 $1 h6 19. Qb6 Kh8 20. Bd6 Bd8 21. Qc5 Rg8 22. b4
Bg5 23. f4 Bd8 24. a4 Be4 25. g3 d4 26. Qxd4 b6 27. b5 axb5 28. Bxb5 Qb7 29.
Qc4 g5 30. Ke2 gxf4 31. exf4 Bf3+ 32. Kf2 h5 33. Rc3 Bg4 34. Qc6 Qa7 35. h4 Kg7
36. Rc4 Bf5 37. Qf3 Bg4 38. Qh1 Qa5 39. Qe1 Qa7 40. Qh1 Qa5 41. Bb4 Qa7 42. Rd4
Be7 43. Rd7 Qxd7 44. Bxd7 Bxb4 45. Ke3 Bc5+ 46. Kd3 $18 {Straka - Velilla
Velasco, ICCF 2016}) 12. Rc1 b5 13. Be2 Qd6 14. Bb4 Qd8 15. O-O e6 16. Bxf8
Kxf8 17. Qa3+ Kg8 18. Rc6 $14 h6 19. Rxa6 Rxa6 20. Qxa6 b4 21. Qa7 Kh7 22. Qxf7
Qd6 23. Qa7 Qe5 24. Qd4 Qxd4 25. exd4 Rc8 $11 {Utesch - Jendrian, ICCF 2016})
5... dxc4 6. Bxc4 e6 7. Nf3 c5 8. O-O b5 9. Be2 Bb7 10. dxc5 Nc6 (10... Qxd1
11. Rxd1 Bxc5 12. Nd2 Nbd7 13. Nb3 Bb4 $1 (13... Bb6 14. a4 $14 {Fressinet -
Karjakin, Beijing 2012}) 14. a4 bxa4 15. Rxa4 a5 16. Bd2 O-O $11 {Shomoev -
Smirnov, Taganrog 2015}) 11. Nd2 $6 (11. Qc2 Nb4 12. Qb1 Bxc5 13. Rd1 Qc7 14.
a3 Nbd5 15. Nxd5 Nxd5 $11 {Bischoff - Schlosser, Austria 2006}) (11. Qxd8+ Rxd8
12. a4 b4 13. Nb5 axb5 14. axb5 Bxc5 15. bxc6 Bxc6 16. Nd4 $5 Bxd4 17. exd4 O-O
(17... Rxd4 $2 18. Ra6 Bb7 19. Bb5+ Kd8 20. Ra7 Kc8 21. Be3 $18) 18. Be3 $36) (
11. a3 Bxc5 12. b4 Bd6 $11 {Colle - Tartakower, Paris 1925}) 11... Bxc5 12.
Nde4 (12. Nb3 Bd6 $1) 12... Nxe4 13. Nxe4 Be7 14. b3 Nb4 15. Bf3 O-O (15... f5
$1 16. Nd2 (16. Nd6+ Qxd6 17. Bxb7 Qxd1 18. Rxd1 Ra7 19. a3 Bf6 20. Rb1 Rxb7
21. axb4 Kf7 $15) 16... Bxf3 17. Nxf3 Qxd1 18. Rxd1 Bf6 19. Nd4 Nd5 $5 20. Bd2
Kd7 (20... Kf7 $5 $15) 21. Rac1 Rhc8 $15) 16. Ba3 Rc8 $6 (16... Rb8 $5 17. Qxd8
Rfxd8 $11) 17. Nf6+ Bxf6 18. Bxb7 Bxa1 19. Bxb4 Bf6 $1 (19... Rb8 20. Bxf8 Qxd1
21. Rxd1 Rxb7 22. Bb4 Bf6 23. Rc1 Rb8 24. Rc6 Ra8 25. Kf1 $14) 20. Bxf8 Qxd1
21. Rxd1 Rxf8 22. Bxa6 b4 23. Rc1 g6 24. Rc2 Ra8 25. Bd3 Rd8 26. Be2 Kf8 27.
Kf1 Ra8 28. Bc4 Rc8 29. Ke2 Ke7 30. f4 h6 31. Kf3 Rc7 32. g4 (32. e4 Bd4 33. e5
Ra7 34. Ke4 Bc3 35. a4 $2 bxa3 36. b4 Bxb4 $17) 32... g5 33. Ke4 Rc8 1/2-1/2

[Event "WCh 2016"]
[Site "New York USA"]
[Date "2016.11.21"]
[Round "8"]
[White "Carlsen, M."]
[Black "Karjakin, Sergey"]
[Result "0-1"]
[WhiteElo "2853"]
[BlackElo "2772"]
[Annotator "Kornev,Alexei"]
[PlyCount "104"]
[EventDate "2016.11.11"]

1. d4 Nf6 2. Nf3 d5 3. e3 e6 4. Bd3 c5 5. b3 Be7 6. O-O O-O 7. Bb2 b6 $5 (7...
Nc6) 8. dxc5 (8. Nbd2) 8... Bxc5 $5 (8... bxc5 9. c4 Nc6 10. a3 Bb7 11. Nbd2 d4
(11... a5 12. cxd5 exd5 $14 {Nakamura - Gelfand, London 2013}) 12. exd4 Nxd4
13. Nxd4 cxd4 14. b4 a5 15. b5 e5 16. Re1 Qc7 17. Rc1 Bc5 18. Nb3 e4 19. Nxc5
Qxc5 20. Bxe4 Bxe4 21. Bxd4 Qg5 22. f3 Bf5 23. Be3 Qg6 24. Qd6 Rfd8 25. Qg3 Rd3
26. c5 Nd5 27. Bf2 Rxa3 28. Qe5 $36 {Williamson - Dunlop, ICCF 2016}) 9. Nbd2
Bb7 10. Qe2 Nbd7 11. c4 dxc4 $5 12. Nxc4 Qe7 13. a3 a5 14. Nd4 (14. Rfd1 $5 {
Soza de la Carrera - Mokrys, ICCF email 2005}) 14... Rfd8 15. Rfd1 Rac8 16.
Rac1 Nf8 $5 17. Qe1 Ng6 18. Bf1 Ng4 19. Nb5 Bc6 (19... Qg5 $5 20. h3 (20. b4 $2
Nf4 $1 21. exf4 Qh4 $19) (20. Nbd6 Nh4 $1 21. Nxb7 Nf3+ 22. gxf3 Rxd1 23. Rxd1
Ne5+ 24. Kh1 Nxf3 25. Bg2 Nxe1 26. Rxe1 b5 27. Nd2 Be7 28. Nxa5 Rc2 29. Ne4 Qh4
30. Be5 Bxa3 $19) 20... N4e5 21. Nxe5 Nxe5 22. Bxe5 Qxe5 23. b4 axb4 24. axb4
Bf8 25. Rxc8 Rxc8 26. Rd4 g6 27. Qd2 Ra8 28. Rd8 Qf6 29. Rxa8 Bxa8 30. Qd7 Qe7
31. Qd4 Qxb4 32. Qxb6 $11) 20. a4 Bd5 (20... Qg5 21. h3 $14 N4e5 $2 22. Nxe5
Nxe5 23. Bxe5 Qxe5 24. Na7 Rxd1 25. Qxd1 Rc7 26. Qd8+ Bf8 27. Nxc6 $18) 21. Bd4
Bxc4 22. Rxc4 Bxd4 23. Rdxd4 (23. Rxc8 Rxc8 24. Rxd4 N6e5 25. Qd2 Nf6 26. Nd6
Rf8 $11) 23... Rxc4 24. bxc4 $6 (24. Bxc4) (24. Rxc4 $11 Nf6 25. Rc7 Rd7 26.
Rc8+ Rd8 27. Rc6 Qb7 28. Rc1 $11) 24... Nf6 (24... Rxd4 $6 25. exd4 $14) 25.
Qd2 Rb8 26. g3 Ne5 27. Bg2 h6 28. f4 Ned7 29. Na7 Qa3 30. Nc6 Rf8 31. h3 (31.
Rxd7 Nxd7 32. Qxd7 Qxe3+ 33. Kf1 Qc1+ 34. Kf2 Qxc4 35. Bf1 Qc2+ 36. Kg1 Qc5+
37. Kg2 Qc2+ 38. Kh3 Qf5+ 39. Kg2 $11) 31... Nc5 32. Kh2 Nxa4 33. Rd8 (33. e4
Nc5 34. e5 Nh5 35. Qf2 f6 36. g4 fxe5 37. Nxe5 Nf6 38. Ng6 e5 39. Nxe5 Qc3 40.
Ng6 Re8 41. Ne5 $11) (33. g4) 33... g6 34. Qd4 (34. Ne5 Qe7 35. Rd6 $11) 34...
Kg7 35. c5 $2 (35. Rd7 Qc5 36. Ra7 Qxd4 37. exd4 Nc3 38. Ne5 b5 39. Bf1 b4 (
39... bxc4 40. Bxc4 Nfd5 41. Bxd5 Nxd5 42. Rxa5 $11) 40. Bd3 b3 41. Nxg6 Rb8 (
41... a4 42. Nxf8 Kxf8 43. Rb7 $16) 42. Ne5 Rf8 $11) 35... Rxd8 (35... Qxc5 36.
Qxa4) 36. Nxd8 Nxc5 37. Qd6 Qd3 $2 (37... Qa4 $1 38. Qxb6 Ncd7 39. Qa7 Qb5 40.
Nc6 a4 41. Nd4 Qc4 42. Qa5 Nc5) 38. Nxe6+ $1 fxe6 39. Qe7+ Kg8 40. Qxf6 a4 41.
e4 Qd7 (41... a3 42. Qxg6+ Kf8 43. f5 a2 44. fxe6 Nxe6 45. Qf6+ Ke8 46. Qxe6+
Kf8 47. Qxa2) 42. Qxg6+ Qg7 43. Qe8+ Qf8 44. Qc6 (44. Qg6+ Qg7 45. Qe8+ Qf8 46.
Qg6+ Kh8 47. e5 a3 48. Qb1 Qe8 49. Qxb6 a2 50. Qa7 Qa4 51. Qxc5 a1=Q 52. Qf8+
Kh7 53. Qf7+ $11) 44... Qd8 45. f5 a3 46. fxe6 Kg7 (46... a2 47. e7 $1 Qxe7 48.
Qa8+ Kg7 49. Qxa2 $14) 47. e7 (47. Qb5 $1 Nxe6 48. Qb4 Qf8 49. Qxb6 Kf6 50.
Qf2+ Ke5 51. Qe1 Qc5 $11) 47... Qxe7 48. Qxb6 Nd3 49. Qa5 $6 (49. e5 $5 $11) (
49. h4 $5 a2 50. Qd4+ Ne5 51. Qb2 Qc5 52. Qxa2 Ng4+ 53. Kh3 Nf2+ 54. Kh2 Ng4+
$11) 49... Qc5 50. Qa6 Ne5 51. Qe6 $4 (51. h4 $5 $15) 51... h5 $1 52. h4 (52.
Qa6 h4 $1 53. gxh4 Qc3 54. Qa7+ Nf7 55. h5 Qe5+ 56. Kh1 Qa1+ 57. Kh2 a2 $19)
52... a2 0-1

[Event "WCh 2016"]
[Site "New York USA"]
[Date "2016.11.23"]
[Round "9"]
[White "Karjakin, Sergey"]
[Black "Carlsen, Magnus"]
[Result "1/2-1/2"]
[WhiteElo "2772"]
[BlackElo "2853"]
[Annotator "Kornev,Alexei"]
[PlyCount "148"]
[EventDate "2016.11.11"]

1. e4 e5 2. Nf3 Nc6 3. Bb5 a6 4. Ba4 Nf6 5. O-O b5 6. Bb3 Bc5 (6... Bb7 7. d3)
7. a4 Rb8 8. c3 d6 9. d4 Bb6 10. axb5 axb5 11. Na3 O-O 12. Nxb5 Bg4 13. Bc2 (
13. d5 Ne7 14. Bc2 Qd7 15. c4 Ng6 16. h3 Bxh3 17. gxh3 Qxh3 18. Ng5 Qg3+ 19.
Kh1 Qh4+ 20. Kg2 Nf4+ 21. Bxf4 exf4 22. Nf3 Qg4+ 23. Kh1 Rfe8 24. Ra3 Nxe4 25.
Bxe4 Rxe4 26. Rc3 (26. b3 Re5 27. Nh2 Qh4 28. Qg4 Qh6 29. b4 Rh5 30. Qg2 Rg5
31. Qf3 Rh5 32. Qg2 $11 {ничья Bukin - Volodarsky, ICCF 2014}) 26... Qh5+
(26... Ba5 27. Rc1 Rbe8 28. Nh2 Qh4 29. Nd4 $14 {Karjakin - Svidler, Chita 2015
}) 27. Nh2 Qxd1 28. Rxd1 Bxf2 29. Rc2 Bb6 30. b4 g5 $13 31. Rb1 h5 32. c5 dxc5
33. bxc5 Ba5 34. c6 Kg7 35. Ra2 Rb4 36. Rxb4 Bxb4 37. d6 Bxd6 38. Nxd6 cxd6 39.
Nf3 Rb1+ 40. Kg2 Rc1 (40... g4 $2 41. Nd4 $18) 41. Nxg5 Rxc6 42. Nh3 $11 {
ничья Kalchev - Mladenov, ICCF 2010}) 13... exd4 14. Nbxd4 Nxd4 15. cxd4
Bxf3 16. gxf3 Nh5 17. Kh1 Qf6 18. Be3 c5 (18... g6 $5 19. Ra4 (19. Re1 Nf4 20.
Ra4 Ra8 21. e5 Qh4 22. exd6 cxd6 23. Rg1 Rxa4 24. Bxa4 Qf6 25. Rg4 Ne6 26. Bb3
h5 27. Re4 Ng7 28. Bd5 Nf5 29. b4 Kg7 $11 {ничья, Yaroshenko - Papenin,
ICCF 2015}) 19... Ra8 20. Rg1 Rxa4 21. Bxa4 Nf4 22. Bb3 Rb8 23. Bc4 Ra8 24. e5
dxe5 25. dxe5 Qf5 26. Bxf7+ Qxf7 27. Bxf4 Bxf2 28. Rf1 Bc5 29. Kg2 Qxf4 30.
Qd5+ Kg7 31. Qxc5 Kh6 32. Qc1 Qg5+ 33. Kh3 Rb8 34. Rg1 Qxc1 35. Rxc1 Rxb2 36.
Rxc7 g5 37. Kg4 Rb4+ 38. Kg3 Kg6 39. Rc6+ Kf5 40. Rf6+ Kxe5 41. Rh6 Rb7 42. Kg4
Rg7 43. Rh5 Kf6 44. h3 Rc7 45. Rxg5 h5+ 46. Rxh5 $11 {Scherbov - Papenin, ICCF
2015}) 19. e5 Qe6 20. exd6 c4 21. b3 cxb3 (21... c3 22. d5 Qxd6 23. Ra6 $16 {
Nakamura - Kasimdzhanov, Tromsoe 2014}) 22. Bxb3 Qxd6 23. Ra6 Rfd8 (23... Qd7
$1 24. Rg1 g6 25. Qd3 Qh3 26. Bd5 Kg7 27. Qf1 Qxf1 28. Rxf1 Rfd8 29. Rb1 Rxd5
30. Raxb6 Rxb6 31. Rxb6 Rf5 32. Kg2 Nf4+ 33. Bxf4 Rxf4 34. Rd6 g5 35. d5 Rd4
36. Kf1 Rh4 $11) 24. Rg1 Qd7 25. Rg4 Nf6 26. Rh4 Qb5 (26... Qb7 $5 27. Bc4 Rd6
$11) 27. Ra1 g6 28. Rb1 Qd7 29. Qd3 Nd5 30. Rg1 Bc7 31. Bg5 Re8 32. Qc4 Rb5 $1
33. Qc2 (33. Ba4 Qf5 34. Qf1 Rb1 35. Qxb1 Qxf3+ 36. Rg2 Nc3 37. Qf1 Nxa4 38.
Bd2 Kh8 (38... Nb2 39. Rh3 $1 $14) 39. Qc1 Nb2 40. Qxb2 Qd1+ 41. Rg1 Qf3+ $11)
33... Ra8 (33... Rb4 34. Be3 Reb8 35. Bxd5 Qxd5 36. Kg2 Bd6 $44) 34. Bc4 (34.
Ba4 Rxa4 35. Qxa4 Qf5 36. Qxb5 Qxf3+ 37. Rg2 Qd1+ 38. Rg1 Qf3+) 34... Rba5 35.
Bd2 Ra4 36. Qd3 Ra1 37. Rxa1 Rxa1+ 38. Kg2 $14 Ne7 $6 (38... Bd8 $14) 39. Bxf7+
(39. Qb3 $1 Nf5 40. Bxf7+ Qxf7 41. Qxf7+ Kxf7 42. Rxh7+ Kg8 43. Rxc7 Nxd4 44.
Rb7 Nf5 45. Bc3 Rd1 46. Bf6 (46. Rb6 Nh4+ 47. Kg3 g5 48. Kg4 Rg1+ 49. Kh5 Rg2
$11) 46... Rd6 47. Bg5 Rd4 48. f4 Rd2 49. Ra7 Rd3 50. h4 Kf8 (50... Rd5 $5 $16)
51. Ra5 $1 Kg7 52. h5 $1 Rd7 53. Kh3 Kh7 54. Kg4 Rf7 55. Ra6 gxh5+ 56. Kxh5 $18
Kg7 57. Rg6+ Kf8 58. Kg4 Nd4 59. Rd6 Nf5 60. Rd5 Ne7 61. Re5 Ng6 62. Re6 Kg7
63. f5 Nh8 (63... Nf8 64. Bh6+ Kh7 65. Bxf8 Rxf8 66. Kg5 Rg8+ 67. Kh5 Rg1 68.
Rh6+ Kg7 69. Rg6+ $18) 64. Re8 Kh7 65. f6 Ng6 66. Kf5 Nf8 67. Re7 Kg8 68. Bh6
Nh7 69. Rxf7 Kxf7 70. Bg7 $18) 39... Kxf7 40. Qc4+ Kg7 41. d5 Nf5 42. Bc3+ Kf8
43. Bxa1 Nxh4+ 44. Qxh4 Qxd5 45. Qf6+ (45. Qxh7 Qg5+ $11) 45... Qf7 46. Qd4 Ke8
47. Qe4+ Qe7 48. Qd5 (48. Bf6 Qxe4 49. fxe4 $11) 48... Bd8 49. Kf1 Qf7 50. Qe4+
Qe7 51. Be5 Qe6 52. Kg2 Be7 53. Qa8+ Kf7 54. Qh8 h5 55. Qg7+ Ke8 56. Bf4 Qf7
57. Qh8+ Qf8 58. Qd4 Qf5 59. Qc4 Kd7 60. Bd2 Qe6 61. Qa4+ Qc6 62. Qa7+ Qc7 63.
Qa2 Qd6 64. Be3 Qe6 65. Qa7+ Ke8 66. Bc5 Bd8 67. h3 Qd5 68. Be3 Be7 69. Qb8+
Kf7 70. Qh8 Qe6 71. Bf4 Qf6 72. Qb8 Qe6 73. Qb7 Kg8 74. Qb5 Bf6 1/2-1/2

[Event "WCh 2016"]
[Site "New York USA"]
[Date "2016.11.24"]
[Round "10"]
[White "Carlsen, Magnus"]
[Black "Karjakin, Sergey"]
[Result "1-0"]
[WhiteElo "2853"]
[BlackElo "2772"]
[Annotator "Kornev,Alexei"]
[PlyCount "149"]
[EventDate "2016.11.11"]

1. e4 e5 2. Nf3 Nc6 3. Bb5 Nf6 4. d3 Bc5 5. c3 O-O (5... d5 $5 6. Nbd2 (6. Nxe5
O-O 7. Bxc6 bxc6 8. d4 (8. Nxc6 $6 Qd6 9. Nd4 dxe4 10. dxe4 Ba6 $17) 8... Bb6
9. O-O Nxe4 10. Nxc6 Qd6 11. Nb4 Re8 $11 {Lanc - Sэkora, ICCF 2011}) 6... dxe4
7. dxe4 O-O 8. O-O Qe7 9. Qe2 a5 10. a4 Nb8 $1 11. h3 Nh5 12. Rd1 Nf4 13. Qf1
Qf6 14. Nb3 Bb6 15. Bxf4 Qxf4 16. Nbd2 c6 17. Bd3 Na6 18. Qe2 Nc5 19. Bc2 Qf6
20. Nc4 Bc7 21. Qe3 Qe7 $13 {Kurgansky - Panitevsky, ICCF 2015}) 6. Bg5 h6 7.
Bh4 Be7 8. O-O (8. Nbd2 d6 9. Nf1 Nb8 10. Ne3 Ng4 $11 {Shirov - Carlsen, Biel
2011}) 8... d6 9. Nbd2 Nh5 10. Bxe7 (10. Bg3 Nxg3 11. hxg3 {Fedorchuk -
Bindrich, Cappelle-la-Grande 2010} Nb8 $5 $13) 10... Qxe7 (10... Nxe7 11. Nxe5
Nf4 12. Nef3 a6 13. Ba4 Nxd3 14. Bc2 Ne5 15. Nxe5 dxe5 16. Nc4 Ng6 17. Qxd8
Rxd8 18. Ne3 Be6 $11) 11. Nc4 Nf4 (11... f5 $5 $11) 12. Ne3 Qf6 (12... f5 $5
$11) 13. g3 Nh3+ 14. Kh1 (14. Kg2 $5 $14) 14... Ne7 15. Bc4 c6 (15... b5 $5 16.
Bxb5 Rb8 $11) 16. Bb3 Ng6 (16... d5 $5 17. Qe2 $1 (17. exd5 cxd5 18. Nxd5 Nxd5
19. Bxd5 Rd8 20. Be4 Bg4 21. Kg2 Ng5 22. Re1 Qa6 23. Qb3 Bxf3+ 24. Bxf3 Nxf3
25. Kxf3 Rxd3+ 26. Kg2 Qc6+ 27. Kg1 Rd2 $15)) 17. Qe2 a5 18. a4 Be6 19. Bxe6 $6
(19. Nd2 $1 Rad8 20. Bxe6 fxe6 21. f3 d5 22. Qg2 Ng5 23. h4 Nf7 24. Ng4 Qe7 25.
h5 Ngh8 26. Rad1 $14) 19... fxe6 20. Nd2 d5 (20... Nxf2+ $5 21. Kg1 (21. Kg2
Nh4+ 22. Kg1 (22. gxh4 $2 Qg6+ 23. Ng4 Nxg4 24. Kh1 Qh5 25. h3 Nf6 26. Qxh5
Nxh5 $17) 22... Nh3+ 23. Kh1 Nf2+) 21... Nh3+ $11 22. Kg2 Nhf4+ 23. gxf4 Nxf4+
24. Rxf4 exf4 25. Nc2 e5 26. Ne1 $13) 21. Qh5 (21. f3 $5 $14) 21... Ng5 $6 (
21... Nxf2+ 22. Kg2 (22. Kg1 $6 Qg5 23. Qxg5 Nh3+ 24. Kg2 Nxg5 $15) 22... Qf7
$1 23. Kg1 (23. Qe2 Nh4+ 24. Kg1 Nh3+ 25. Kh1 Nf2+) 23... Qf6 $1 24. Kg2 (24.
h4 $2 Nf4 $1 25. gxf4 Qxf4 26. Qe2 Qg3+ 27. Ng2 Ng4 28. Rxf8+ Rxf8 29. Nf1 Qh3
30. Nge3 Rf4 $5 31. h5 Qxh5 $19) 24... Qf7 $11) 22. h4 $14 Nf3 23. Nxf3 Qxf3+
24. Qxf3 Rxf3 25. Kg2 Rf7 26. Rfe1 (26. Ng4 $5 h5 27. Nh2 $14) 26... h5 (26...
Raf8 27. Re2 dxe4 28. Nc4 $1 (28. dxe4 Nf4+ 29. gxf4 exf4 30. f3 fxe3 31. Rxe3
Rd7 $11) 28... exd3 29. Rd2 Rd7 30. Nxa5 $14) 27. Nf1 $1 Kf8 28. Nd2 Ke7 29.
Re2 Kd6 30. Nf3 Raf8 31. Ng5 Re7 32. Rae1 (32. Rb1 $5 $14) 32... Rfe8 33. Nf3
Nh8 34. d4 (34. b4 $5 $14) 34... exd4 35. Nxd4 g6 36. Re3 (36. b4 $5 e5 37. Nc2
axb4 38. exd5 Kxd5 39. cxb4 Nf7 40. Na1 Kd6 41. Nb3 Kc7 $14) 36... Nf7 37. e5+
Kd7 38. Rf3 $6 (38. b4 axb4 39. cxb4 $14) 38... Nh6 $6 (38... c5 $1 39. Nb3 b6
40. Nd2 Nh8 $5 41. c4 Rf7 42. cxd5 exd5 43. Rd3 Kc6 44. e6 Rfe7 45. Rf3 Kd6 46.
Rf6 Rxe6 47. Rexe6+ Rxe6 48. Rf8 Re2 49. Nf3 c4 50. Rxh8 Rxb2 51. Rh6 Kc5 52.
Rxg6 b5 53. axb5 a4 $132) 39. Rf6 Rg7 40. b4 axb4 41. cxb4 Ng8 42. Rf3 Nh6 43.
a5 Nf5 44. Nb3 Kc7 45. Nc5 (45. Rc1 $1 g5 (45... Kb8 46. a6 $1 $18) 46. hxg5
Rxg5 47. Rf4 $16) 45... Kb8 46. Rb1 Ka7 47. Rd3 Rc7 48. Ra3 Nd4 49. Rd1 Nf5 50.
Kh3 Nh6 51. f3 Rf7 52. Rd4 Nf5 53. Rd2 Rh7 54. Rb3 Ree7 55. Rdd3 Rh8 56. Rb1
Rhh7 $2 (56... Nh6 $5 $16) 57. b5 $18 cxb5 58. Rxb5 d4 59. Rb6 Rc7 60. Nxe6 Rc3
61. Nf4 Rhc7 62. Nd5 $6 (62. Rxg6 $1 Rxd3 63. Nxd3 Rc3 64. Rf6 $18) 62... Rxd3
63. Nxc7 Kb8 64. Nb5 Kc8 65. Rxg6 Rxf3 66. Kg2 Rb3 67. Nd6+ Nxd6 68. Rxd6 Re3 (
68... Kc7 69. Rxd4 Rb5 70. e6 Rxa5 71. e7 Re5 72. Rd5 Rxe7 73. Rxh5 $18 {
Lomonosov}) 69. e6 Kc7 70. Rxd4 Rxe6 71. Rd5 Rh6 72. Kf3 Kb8 (72... b6 73.
axb6+ Kxb6 74. g4 hxg4+ 75. Kxg4 Kc6 76. Rd1 $18 (76. Rd2 Rh8 77. Rd1 Rg8+ 78.
Kf5 Rh8 79. Kg5 Rg8+ 80. Kf6 Rh8 81. Rh1 $18)) 73. Kf4 Ka7 74. Kg5 Rh8 75. Kf6
1-0

[Event "WCh 2016"]
[Site "New York USA"]
[Date "2016.11.26"]
[Round "11"]
[White "Karjakin, Sergey"]
[Black "Carlsen, Magnus"]
[Result "1/2-1/2"]
[WhiteElo "2772"]
[BlackElo "2853"]
[Annotator "Kornev,Alexei"]
[PlyCount "67"]
[EventDate "2016.11.11"]

1. e4 e5 2. Nf3 Nc6 3. Bb5 a6 4. Ba4 Nf6 5. O-O Be7 6. d3 b5 7. Bb3 d6 8. a3
O-O 9. Nc3 Be6 (9... Na5 10. Ba2 Be6 $11) 10. Nd5 (10. h3 $5 Nd4 (10... Bxb3
11. cxb3 Nd4 12. Nxd4 exd4 13. Ne2 c5 14. b4 $14 {/=}) 11. Nxd4 exd4 12. Ne2 c5
13. Ng3 Bxb3 14. cxb3 Re8 15. b4 g6 16. Bh6 Nd7 17. f4 Rc8 18. Rc1 a5 19. Qf3
axb4 20. axb4 c4 21. Nf5 $5 $36 {Rudenko - Burri, ICCF 2015}) 10... Nd4 11.
Nxd4 (11. Nxe7+ $5 Qxe7 12. Nxd4 exd4 13. Bg5 $36 {Ivanchuk - Svidler,
Thessaloniki 2013}) 11... exd4 12. Nxf6+ Bxf6 13. Bxe6 fxe6 14. f4 (14. a4 Qd7
15. b3 e5 16. Bd2 c5 17. Qe2 Qe6 18. f4 exf4 19. Bxf4 Be5 20. Bxe5 Rxf1+ 21.
Rxf1 dxe5 22. Ra1 Rf8 23. axb5 axb5 24. h3 h6 25. Ra5 {, ничья, Diйguez
Vera - Gonzбlez Rabago, ICCF 2016}) 14... c5 15. Qg4 Qd7 16. f5 (16. Bd2 c4
17. Rae1 c3 {Schroeder - Schoppen, Hoogeveen 2015} 18. bxc3 $5 dxc3 19. Be3 $11
) 16... Rae8 17. Bd2 c4 18. h3 (18. fxe6 Qxe6 19. Qxe6+ Rxe6 20. Bb4 Rd8 21.
Rf5 Be5 $11) 18... c3 19. bxc3 d5 $1 (19... dxc3 20. Be3 d5 21. Bc5 Rf7 22.
Rae1 e5 $5 23. Be3 d4 24. Bf2 a5 $13) 20. Bg5 (20. fxe6 Qxe6 21. Qxe6+ Rxe6 22.
exd5 Re2 23. Rf2 Rxf2 24. Kxf2 dxc3 25. Be1 Rd8 26. g4 Rxd5 $11) (20. c4 $5
dxe4 21. cxb5 e3 22. Bb4 Rf7 23. bxa6 Qc6 24. fxe6 Rxe6 $44) 20... Bxg5 21.
Qxg5 dxe4 22. fxe6 Rxf1+ 23. Rxf1 Qxe6 24. cxd4 (24. Re1 dxc3 25. Rxe4 Qb6+ $11
) 24... e3 $5 25. Re1 h6 26. Qh5 e2 27. Qf3 a5 28. c3 Qa2 29. Qc6 Re6 30. Qc8+
Kh7 31. c4 $1 Qd2 32. Qxe6 Qxe1+ 33. Kh2 Qf2 34. Qe4+ 1/2-1/2